| 000 | 01537 a2200421 4500 | ||
|---|---|---|---|
| 999 |
_c200001313 _d34526 |
||
| 001 | 200001313 | ||
| 003 | TR-AnTOB | ||
| 005 | 20240903095306.0 | ||
| 008 | 120131b tu 000 0 | ||
| 020 | _a9751605113 (v. 3) | ||
| 020 | _a975160186X (Set) | ||
| 020 | _a9751601878 (v. 1) | ||
| 020 | _a9751604974 (v. 2) | ||
| 040 |
_aBGZ _cTR-AnTOB |
||
| 041 | _atur | ||
| 049 | _aBGZA | ||
| 050 |
_aD157 _b.R819 1992 |
||
| 090 | _aD157.R819 1992 | ||
| 100 | 1 |
_aRunciman, Steven, _d1903-2000 _969643 |
|
| 245 | 1 | 0 |
_aHaçlı seferleri tarihi / _cSteven Runciman ; çeviren, Fikret. |
| 250 | _a2. baskı | ||
| 264 | 1 |
_aAnkara : _bTèurk Tarih Kurumu Bas¸mevi, _c1992. |
|
| 300 |
_a3 v. : _bill., folded maps. ; _c24 cm. |
||
| 336 |
_2rdacontent _atext _btxt |
||
| 337 |
_2rdamedia _aunmediated _bn |
||
| 338 |
_2rdacarrier _avolume _bnc |
||
| 490 | 0 |
_aTürk Tarih Kurumu Yayınları ; _vX _aDizi - Sayı ; _v9a |
|
| 500 | _aTranslation of: History of the Crusades. | ||
| 504 | _aIncludes bibliographical references and index. | ||
| 505 | 0 |
_gv. 1. _gv. 2. _gv. 3. _tBirinci haðcl¸ seferi ve Kudèus krall¸æg¸n¸n kuruluðsu.-- _tKudèus krall¸æg¸ ve Frank doægu, 1100-1187.-- _tAkkãa Krall¸æg¸ ve daha sonraki Haðcl¸ Seferleri. |
|
| 650 | 0 |
_aCrusades _924505 |
|
| 700 | 1 |
_aIşıltan, Fikret, _d1915- _911387 |
|
| 710 | 2 |
_aAtatürk Kültür, Dil, ve Tarih Yüksek Kurumu (Turkey) _98548 |
|
| 710 | 2 |
_aTürk Tarih Kurumu _946395 |
|
| 730 | 0 | 2 |
_aHistory of the Crusades. _lTurkish. |
| 942 |
_cBK _2lcc |
||